000 00768nam a2200229Ia 4500
003 GCL
008 140319s9999 xx 000 0 ara d
020 _a4132270977
040 _aGCL /
_cGCL
082 0 4 _a823.03
_bج أ
100 1 _aمحمد حجى
245 1 0 _aامير الذباب :
_bLORD OF THE FLIES /
_cمحمد حجى
700 1 _aجولدينج، وليام
700 1 _aعبدالحميد الجمال
250 _aالثالثة
260 _aالقاهرة :
_bالدار المصرية اللبنانية ،
_c2004
300 _a415 ص ؛
_c21 سم
490 _aرويات جائزة نوبل
_v6
650 0 4 _aالقصص الانجليزية المترجمة
650 0 4 _aالادب الانجليزى المترجم
942 _2ddc
_cBK
999 _c8002
_d8002